00469nam a2200181 a 4500001001300000003000900013005001700022008004100039020002300080082001300103100002100116245003000137260004000167300000900207500003500216650001500251700002100266nice12345678IN_TiNIC20260116014127.0100216s2007 newa grp 000 0 eng  a8125031693 c18500a190bPAL aPalmer, Donald D aKierkegaard for Beginners aNew Delhi bOrient Blackswan c2007 a150p aincludes index and biblioraphy aPhilosophy1 aPalmer, Donald D